| 000 | 00692nam a2200265Ia 4500 | ||
|---|---|---|---|
| 005 | 20260302114646.0 | ||
| 008 | 008 260114s9999 xx 000 0 eng d | ||
| 020 | _a9781472598196 | ||
| 037 | _aTextbook | ||
| 040 | _aCRL | ||
| 040 | _beng | ||
| 040 | _cCRL | ||
| 041 | _2eng | ||
| 041 | _aeng | ||
| 084 | _qCRL | ||
| 100 | _aRichard Sorabji | ||
| 245 | 0 | _aNecessity, Cause and Blame Perspectives on Aristotle's Theory | |
| 260 | _bBloomsbury | ||
| 260 | _bBloomsbury Academic | ||
| 260 | _c1998 | ||
| 650 | _aPhilosophy | ||
| 856 | _uhttps://dx.doi.org/10.5040/9781472598196?locatt=label:secondary_bloomsburyCollections | ||
| 942 | _cEBOOK | ||
| 999 |
_c1683386 _d1683386 |
||